[Event "Titled Tuesday intern op 13th July"]
[Site "Chess.com INT"]
[Date "2021.07.13"]
[Round "5"]
[White "Filippova, Margarita"]
[Black "Theocharous, Stelios"]
[Result "1-0"]
[WhiteElo "2075"]
[BlackElo "2051"]
[PlyCount "87"]
[EventDate "2021.07.13"]
[EventType "swiss (blitz)"]
[EventRounds "11"]
[EventCountry "USA"]
[SourceTitle "CBM 203 Extra"]
[Source "ChessBase"]
[SourceDate "2021.09.30"]
[SourceVersion "1"]
[SourceVersionDate "2021.09.30"]
[SourceQuality "1"]

1. Nf3 Nf6 2. d4 e6 3. c4 b6 4. Nc3 Bb7 5. Bg5 Be7 6. Qc2 d5 7. e3 0-0 8. Be2 h6 9. Bh4 Nbd7 10. 0-0 Ne4 11. Bxe7 Qxe7 12. cxd5 exd5 13. Nxe4 dxe4 14. Nd2 Nf6 15. Rac1 Rac8 16. Nc4 c5 17. dxc5 Rxc5 18. Qb1 Rfc8 19. Nd2 Qc7 20. Rxc5 Qxc5 21. Nb3 Qb4 22. h3 Bd5 23. Nd4 Bc4 24. Rc1 Be6 25. a3 Qd6 26. Rd1 Qe7 27. Nb5 a6 28. Nd6 Rd8 29. Nxe4 Rxd1+ 30. Bxd1 Bd5 31. Nc3 Bb7 32. Qd3 Qc5 33. Bc2 g6 34. Bb3 Kg7 35. f3 Qc6 36. e4 b5 37. Qd4 Qc7 38. e5 Nd7 39. e6+ Qe5 40. Qxd7 Qe1+ 41. Kh2 Qe5+ 42. g3 Bxf3 43. Qxf7+ Kh8 44. Qxf3 1-0

[Event "Titled Tuesday intern op 13th July"]
[Site "Chess.com INT"]
[Date "2021.07.13"]
[Round "8"]
[White "Theocharous, Stelios"]
[Black "Stefanov, Plamen"]
[Result "0-1"]
[WhiteElo "2051"]
[BlackElo "2072"]
[PlyCount "72"]
[EventDate "2021.07.13"]
[EventType "swiss (blitz)"]
[EventRounds "11"]
[EventCountry "USA"]
[SourceTitle "CBM 203 Extra"]
[Source "ChessBase"]
[SourceDate "2021.09.30"]
[SourceVersion "1"]
[SourceVersionDate "2021.09.30"]
[SourceQuality "1"]

1. e4 d5 2. exd5 Nf6 3. d4 Nxd5 4. c4 Nb6 5. c5 N6d7 6. Nf3 e5 7. dxe5 Bxc5 8. Bd3 0-0 9. 0-0 Nc6 10. Bxh7+ Kxh7 11. Ng5+ Kg8 12. Qh5 Qxg5 13. Bxg5 Ndxe5 14. Nc3 Bg4 15. Qh4 f6 16. Be3 Bd6 17. f4 Nc4 18. Bf2 f5 19. h3 Be7 20. Qg3 Bh5 21. Rfe1 Bf6 22. Nd5 Bxb2 23. Rab1 Rae8 24. Rxe8 Bxe8 25. Nxc7 Bf7 26. Nb5 Bf6 27. Qf3 Nd2 28. Qd1 Nxb1 29. Qxb1 Rd8 30. Kh2 a6 31. Na3 b5 32. Nc2 Nd4 33. Nxd4 Bxd4 34. Qd1 Bf6 35. Qe2 Bc4 36. Qc2 Rd7 0-1

[Event "Titled Tuesday intern op 13th July"]
[Site "Chess.com INT"]
[Date "2021.07.13"]
[Round "6"]
[White "Theocharous, Stelios"]
[Black "Zanette, Edgard Vinicius"]
[Result "0-1"]
[WhiteElo "2051"]
[BlackElo "2157"]
[PlyCount "56"]
[EventDate "2021.07.13"]
[EventType "swiss (blitz)"]
[EventRounds "11"]
[EventCountry "USA"]
[SourceTitle "CBM 203 Extra"]
[Source "ChessBase"]
[SourceDate "2021.09.30"]
[SourceVersion "1"]
[SourceVersionDate "2021.09.30"]
[SourceQuality "1"]

1. e4 e5 2. Nf3 Nc6 3. Bb5 a6 4. Ba4 Nf6 5. 0-0 Nxe4 6. d4 b5 7. Bb3 d5 8. dxe5 Be6 9. c3 Bc5 10. Nbd2 0-0 11. Bc2 Nxf2 12. Rxf2 Bxf2+ 13. Kxf2 f6 14. exf6 Qxf6 15. Nb3 Ne5 16. Kg1 Nxf3+ 17. gxf3 Qxf3 18. Qxf3 Rxf3 19. Bg5 Bh3 20. Nd4 Rf7 21. Ne2 Raf8 22. Ng3 Rf2 23. Rc1 Rg2+ 24. Kh1 Rff2 25. Be3 Rxh2+ 26. Kg1 Rfg2+ 27. Kf1 Rxc2+ 28. Ke1 Rxb2 0-1

[Event "Paleochora op 11th"]
[Site "Paleochora"]
[Date "2018.07.24"]
[Round "8"]
[White "Theocharous, Stelios"]
[Black "Kursova, Maria"]
[Result "0-1"]
[WhiteElo "2079"]
[BlackElo "2319"]
[PlyCount "84"]
[EventDate "2018.07.18"]
[EventType "swiss"]
[EventRounds "9"]
[EventCountry "GRE"]
[SourceTitle "CBM 186 Extra"]
[Source "ChessBase"]
[SourceDate "2018.08.24"]
[SourceVersion "1"]
[SourceVersionDate "2018.08.24"]
[SourceQuality "1"]

1. e4 c5 2. Nf3 a6 3. c4 Nc6 4. d4 cxd4 5. Nxd4 e5 6. Nf5 d6 7. Ne3 Nf6 8. Nc3 Be6 9. Ned5 Nd7 10. Be3 Be7 11. Be2 Rc8 12. 0-0 Bg5 13. f4 exf4 14. Bxf4 Nce5 15. Bxg5 Qxg5 16. Nf4 Rc6 17. b3 0-0 18. Qd4 Qd8 19. Ncd5 Re8 20. Rac1 Qa5 21. Kh1 Bxd5 22. exd5 Rc7 23. Qb2 Nf6 24. Nd3 Rce7 25. b4 Qd8 26. Nxe5 Rxe5 27. Bf3 Qb6 28. Qd2 Ne4 29. Bxe4 Rxe4 30. c5 Qc7 31. c6 h6 32. Rce1 bxc6 33. Rxe4 Rxe4 34. Qd3 Rxb4 35. Qxa6 c5 36. Rc1 Rb8 37. Qc4 Qe7 38. Qc3 Qh4 39. h3 Qa4 40. Rc2 Rb1+ 41. Kh2 Qf4+ 42. Qg3 Rh1+ 0-1

[Event "CYP-ch"]
[Site "Larnaca"]
[Date "2018.05.20"]
[Round "8"]
[White "Constantinou, Pavlos"]
[Black "Theocharous, Stelios"]
[Result "1-0"]
[WhiteElo "2107"]
[BlackElo "2099"]
[PlyCount "81"]
[EventDate "2018.04.28"]
[EventType "tourn"]
[EventRounds "11"]
[EventCountry "CYP"]
[SourceTitle "EXT 2021"]
[Source "ChessBase"]
[SourceDate "2020.10.23"]
[SourceVersion "1"]
[SourceVersionDate "2020.10.23"]
[SourceQuality "1"]

1. e4 c5 2. Nf3 Nc6 3. d4 cxd4 4. Nxd4 Nf6 5. Nc3 e5 6. Ndb5 d6 7. Bg5 a6 8. Na3 b5 9. Bxf6 gxf6 10. Nd5 f5 11. Bd3 Be6 12. c3 Bg7 13. Nxb5 axb5 14. Bxb5 Bd7 15. exf5 0-0 16. 0-0 e4 17. a4 Re8 18. Qg4 Re5 19. Ne3 Kh8 20. Rad1 Qf6 21. Qh5 Rg8 22. Ng4 Qxf5 23. Qxf5 Bxf5 24. Nxe5 Nxe5 25. Rxd6 Nf3+ 26. Kh1 Nxh2 27. Rfd1 Ng4 28. Kg1 e3 29. fxe3 Nxe3 30. R1d2 Bf8 31. Rd8 h5 32. Re8 Bc5 33. Rxg8+ Kxg8 34. Rd8+ Kg7 35. b4 Bb6 36. Rb8 Nd5+ 37. Kh1 Bc7 38. Rb7 Be5 39. Bc4 Be6 40. Bxd5 Bxd5 41. Rb5 1-0

[Event "CYP-ch"]
[Site "Larnaca"]
[Date "2018.05.12"]
[Round "5"]
[White "Theocharous, Stelios"]
[Black "Florentiades, Michalis"]
[Result "1-0"]
[WhiteElo "2099"]
[BlackElo "2052"]
[PlyCount "81"]
[EventDate "2018.04.28"]
[EventType "tourn"]
[EventRounds "11"]
[EventCountry "CYP"]
[SourceTitle "EXT 2021"]
[Source "ChessBase"]
[SourceDate "2020.10.23"]
[SourceVersion "1"]
[SourceVersionDate "2020.10.23"]
[SourceQuality "1"]

1. e4 c6 2. d4 d5 3. Nc3 dxe4 4. Nxe4 Bf5 5. Ng3 Bg6 6. Nf3 Nd7 7. h4 h6 8. h5 Bh7 9. Bd3 Bxd3 10. Qxd3 e6 11. Bf4 Qa5+ 12. Bd2 Bb4 13. c3 Be7 14. c4 Qc7 15. 0-0-0 Ngf6 16. Kb1 0-0 17. Ne4 b5 18. Nxf6+ Nxf6 19. c5 Rfd8 20. Qe2 Nh7 21. g4 Bf6 22. Qe4 Rd5 23. Bf4 Qd8 24. Bd6 Be7 25. Bxe7 Qxe7 26. Ne5 Rc8 27. f4 Nf6 28. Qe3 Nd7 29. Nf3 Rd8 30. Rd2 Nf8 31. g5 hxg5 32. fxg5 Rf5 33. Rg2 Qd7 34. g6 Qd5 35. gxf7+ Rxf7 36. Rhg1 Qxh5 37. Ne5 Rc7 38. Ng4 Qg6+ 39. Ka1 Rd5 40. Nh6+ Kh7 41. Rxg6 1-0

[Event "CYP-ch"]
[Site "Larnaca"]
[Date "2018.04.29"]
[Round "2"]
[White "Damianou, Ioannis"]
[Black "Theocharous, Stelios"]
[Result "0-1"]
[WhiteElo "1945"]
[BlackElo "2099"]
[PlyCount "84"]
[EventDate "2018.04.28"]
[EventType "tourn"]
[EventRounds "11"]
[EventCountry "CYP"]
[SourceTitle "EXT 2021"]
[Source "ChessBase"]
[SourceDate "2020.10.23"]
[SourceVersion "1"]
[SourceVersionDate "2020.10.23"]
[SourceQuality "1"]

1. d4 Nf6 2. c4 e6 3. Nc3 Bb4 4. e3 0-0 5. Nge2 d5 6. a3 Be7 7. cxd5 exd5 8. Nf4 c6 9. Bd3 Nbd7 10. 0-0 Re8 11. f3 Nf8 12. Bc2 Ne6 13. Nxe6 Bxe6 14. e4 dxe4 15. fxe4 Qb6 16. Na4 Qb5 17. h3 Rad8 18. Be3 Bc4 19. Rf5 Qa6 20. b3 Be6 21. Bd3 b5 22. Nc5 Qb6 23. Nxe6 fxe6 24. Rf3 e5 25. dxe5 Bc5 26. exf6 Bxe3+ 27. Kh1 gxf6 28. Qe2 Bd4 29. Raf1 Be5 30. b4 Kh8 31. Bc2 Qc7 32. Bb3 Qe7 33. Rf5 Qg7 34. Rc1 Qg3 35. Rxe5 Qxe5 36. Rxc6 Qa1+ 37. Kh2 Qe5+ 38. Kg1 Qd4+ 39. Kh2 Qxe4 40. Qxe4 Rxe4 41. Rxf6 Re3 42. Bc2 Rd2 0-1

[Event "Klaksvik ESNA 3rd"]
[Site "Klaksvik"]
[Date "2018.04.19"]
[Round "6"]
[White "Berend, Fred"]
[Black "Theocharous, Stelios"]
[Result "1-0"]
[WhiteElo "2357"]
[BlackElo "2099"]
[PlyCount "89"]
[EventDate "2018.04.14"]
[EventType "tourn"]
[EventRounds "9"]
[EventCountry "FAI"]
[SourceTitle "CBM 184 Extra"]
[Source "ChessBase"]
[SourceDate "2018.06.28"]
[SourceVersion "1"]
[SourceVersionDate "2018.06.28"]
[SourceQuality "1"]

1. d4 Nf6 2. c4 e6 3. g3 d5 4. Bg2 Be7 5. Nf3 0-0 6. Qc2 dxc4 7. Qxc4 a6 8. Bf4 Nd5 9. Bd2 b5 10. Qc2 Bb7 11. a3 Nd7 12. Ba5 N7b6 13. Nbd2 Rc8 14. b4 Nc4 15. Nxc4 bxc4 16. 0-0 Nb6 17. Ng5 Bxg5 18. Bxb7 Rb8 19. Bxa6 Qxd4 20. Rad1 Qg4 21. f4 Bh4 22. Rf3 Bf6 23. Kg2 c3 24. e4 Rfd8 25. h3 Rxd1 26. Qxd1 Qg6 27. Bd3 e5 28. b5 Ra8 29. Bxc3 Rxa3 30. Bb2 Ra2 31. Qb3 Ra8 32. Bc1 Be7 33. fxe5 Nd7 34. e6 Qxe6 35. Bc4 Qxe4 36. Bxf7+ Kh8 37. Bd5 Qe1 38. Bxa8 Qxc1 39. Qe6 Qd2+ 40. Rf2 Qd6 41. Re2 Qxe6 42. Rxe6 Bd6 43. Bc6 Nf8 44. Rxd6 cxd6 45. b6 1-0

[Event "Klaksvik ESNA 3rd"]
[Site "Klaksvik"]
[Date "2018.04.14"]
[Round "1"]
[White "Klerides, Paris"]
[Black "Theocharous, Stelios"]
[Result "1-0"]
[WhiteElo "2183"]
[BlackElo "2099"]
[PlyCount "83"]
[EventDate "2018.04.14"]
[EventType "tourn"]
[EventRounds "9"]
[EventCountry "FAI"]
[SourceTitle "CBM 184 Extra"]
[Source "ChessBase"]
[SourceDate "2018.06.28"]
[SourceVersion "1"]
[SourceVersionDate "2018.06.28"]
[SourceQuality "1"]

1. e4 c5 2. Nf3 Nc6 3. d4 cxd4 4. Nxd4 Nf6 5. Nc3 e5 6. Ndb5 d6 7. Bg5 a6 8. Na3 b5 9. Nd5 Be7 10. Bxf6 Bxf6 11. c3 0-0 12. Nc2 Bg5 13. h4 Bh6 14. g4 Bf4 15. Qf3 h5 16. gxh5 f5 17. Nxf4 exf4 18. 0-0-0 Ne5 19. Qxf4 Bb7 20. h6 fxe4 21. Qg3 Rf7 22. Ne3 Qf6 23. hxg7 Rxg7 24. Qh2 Rd8 25. Rg1 Kh8 26. Rxg7 Qxg7 27. Be2 Qf6 28. Rg1 b4 29. Rg5 bxc3 30. Rh5+ Kg7 31. Qg3+ Ng6 32. Nf5+ Kf8 33. Ne3 cxb2+ 34. Kb1 Rc8 35. Bc4 Qc3 36. Qxd6+ Ne7 37. Rf5+ Ke8 38. Bf7+ Kf8 39. Bh5+ Kg8 40. Qe6+ Kh8 41. Qh6+ Kg8 42. Bf7# 1-0

[Event "Olympiad-42"]
[Site "Baku"]
[Date "2016.09.12"]
[Round "10.3"]
[White "Theocharous, Stelios"]
[Black "Alfaro Caracas, William"]
[Result "1/2-1/2"]
[WhiteElo "2065"]
[BlackElo "2188"]
[PlyCount "72"]
[EventDate "2016.09.02"]
[EventType "team-swiss"]
[EventRounds "11"]
[EventCountry "AZE"]
[SourceTitle "CBM 175"]
[Source "ChessBase"]
[SourceDate "2016.11.10"]
[SourceVersion "1"]
[SourceVersionDate "2016.11.10"]
[SourceQuality "1"]
[WhiteTeam "Cyprus"]
[BlackTeam "Nicaragua"]
[WhiteTeamCountry "CYP"]
[BlackTeamCountry "NCA"]

1. e4 c5 2. Nf3 Nc6 3. d4 cxd4 4. Nxd4 g6 5. c4 Bg7 6. Be3 Nf6 7. Nc3 0-0 8. Be2 d6 9. 0-0 Bd7 10. f3 Nxd4 11. Bxd4 Bc6 12. Qd2 a5 13. b3 Nd7 14. Be3 Nc5 15. Rab1 Qb6 16. Rfc1 Rfc8 17. Nd5 Bxd5 18. cxd5 Qb4 19. a4 Qxd2 20. Bxd2 b6 21. Bb5 Rab8 22. Kf1 Be5 23. h3 e6 24. b4 axb4 25. Rxb4 exd5 26. exd5 f5 27. Rcb1 Rb7 28. Rc4 Re7 29. Bc6 Nd3 30. Rxb6 Bg3 31. Rb1 Ra7 32. Be3 Re7 33. Bd2 Ra7 34. Rc3 Nc5 35. Be3 Ra5 36. Rb5 Nxa4 1/2-1/2

[Event "Olympiad-42"]
[Site "Baku"]
[Date "2016.09.05"]
[Round "4.2"]
[White "Theocharous, Stelios"]
[Black "Al Sayed, Mohammed"]
[Result "1/2-1/2"]
[WhiteElo "2065"]
[BlackElo "2521"]
[PlyCount "99"]
[EventDate "2016.09.02"]
[EventType "team-swiss"]
[EventRounds "11"]
[EventCountry "AZE"]
[SourceTitle "CBM 175"]
[Source "ChessBase"]
[SourceDate "2016.11.10"]
[SourceVersion "1"]
[SourceVersionDate "2016.11.10"]
[SourceQuality "1"]
[WhiteTeam "Cyprus"]
[BlackTeam "Qatar"]
[WhiteTeamCountry "CYP"]
[BlackTeamCountry "QAT"]

1. e4 c5 2. Nf3 d6 3. d4 cxd4 4. Nxd4 Nf6 5. Nc3 a6 6. Be2 Nbd7 7. 0-0 g6 8. Be3 Bg7 9. f3 0-0 10. Nd5 e5 11. Nb3 Nxd5 12. Qxd5 Nf6 13. Qd2 d5 14. Rad1 Be6 15. Nc5 Qc7 16. exd5 Bxd5 17. c4 Bc6 18. b4 Rfd8 19. Qc1 e4 20. f4 Nd7 21. f5 Nxc5 22. Bxc5 Rxd1 23. Rxd1 gxf5 24. Qg5 Qe5 25. Bd4 h6 26. Qh4 Qc7 27. Be3 Kh7 28. c5 Re8 29. Bc4 Re6 30. Qh5 Rf6 31. Bd4 Rg6 32. Qxf5 Bxd4+ 33. Rxd4 Kg7 34. Bd5 Bxd5 35. Rxd5 Qe7 36. Re5 Qd8 37. Rd5 Qe8 38. Qe5+ Qxe5 39. Rxe5 Rg4 40. h3 Rf4 41. g4 Kf6 42. Re8 Rf3 43. Kg2 Ra3 44. Rxe4 Rxa2+ 45. Kg3 Ra3+ 46. Kg2 Rb3 47. Rc4 Kg5 48. c6 bxc6 49. Rxc6 Rxb4 50. Rxa6 1/2-1/2

[Event "EU-ch U18 26th"]
[Site "Prague"]
[Date "2016.08.27"]
[Round "9"]
[White "Filipets, Egor"]
[Black "Theocharous, Stelios"]
[Result "1-0"]
[WhiteElo "2301"]
[BlackElo "1972"]
[PlyCount "83"]
[EventDate "2016.08.18"]
[EventType "swiss"]
[EventRounds "9"]
[EventCountry "CZE"]
[SourceTitle "CBM 174 Extra"]
[Source "ChessBase"]
[SourceDate "2016.10.10"]
[SourceVersion "1"]
[SourceVersionDate "2016.10.10"]
[SourceQuality "1"]

1. Nf3 Nf6 2. g3 d5 3. Bg2 Bg4 4. Ne5 Bf5 5. 0-0 Nbd7 6. d4 e6 7. c4 c6 8. Nc3 Bd6 9. Bf4 Qc7 10. Qb3 0-0 11. Nxd7 Nxd7 12. Bxd6 Qxd6 13. Qxb7 Rfb8 14. Qa6 Rb6 15. c5 Rxa6 16. cxd6 Rb8 17. b3 c5 18. dxc5 Nxc5 19. Rac1 Nd7 20. Rfd1 Rxd6 21. e4 Bg4 22. f3 Bh5 23. exd5 Ne5 24. g4 Bg6 25. dxe6 Rxe6 26. Nd5 Nd3 27. Rc3 Ne1 28. Bf1 h5 29. Nf4 Rf6 30. Nxg6 Nxf3+ 31. Kg2 hxg4 32. Ne7+ Kf8 33. Rc8+ Rxc8 34. Nxc8 Kg8 35. Kg3 g5 36. Ne7+ Kg7 37. Bd3 Ne5 38. Nf5+ Kg6 39. Ne3+ Kg7 40. Be2 Rf4 41. Nxg4 Re4 42. Bf3 1-0

[Event "EU-ch U18 26th"]
[Site "Prague"]
[Date "2016.08.25"]
[Round "7"]
[White "Jablonicky, Martin"]
[Black "Theocharous, Stelios"]
[Result "1-0"]
[WhiteElo "2198"]
[BlackElo "1972"]
[PlyCount "105"]
[EventDate "2016.08.18"]
[EventType "swiss"]
[EventRounds "9"]
[EventCountry "CZE"]
[SourceTitle "CBM 174 Extra"]
[Source "ChessBase"]
[SourceDate "2016.10.10"]
[SourceVersion "1"]
[SourceVersionDate "2016.10.10"]
[SourceQuality "1"]

1. Nf3 Nf6 2. c4 b6 3. g3 e6 4. Bg2 Bb7 5. 0-0 Be7 6. d4 0-0 7. d5 exd5 8. Nh4 c6 9. cxd5 Nxd5 10. Nf5 Na6 11. e4 Ndc7 12. Qg4 Ne6 13. Nc3 Bf6 14. Rd1 Qc7 15. Bf4 h5 16. Bxc7 hxg4 17. Bd6 Rfe8 18. e5 Bg5 19. Ne4 Nac5 20. Nxg5 Nxg5 21. Bxc5 bxc5 22. Rxd7 Bc8 23. Ne7+ Kf8 24. Nxc8 Raxc8 25. Re1 Rb8 26. Rd2 f6 27. Bxc6 Nf3+ 28. Bxf3 gxf3 29. Re3 Rxe5 30. Rxf3 Re1+ 31. Kg2 Rb1 32. b3 Rc1 33. Rf4 Rc3 34. Rd7 a6 35. Rh4 Kg8 36. Rg4 g5 37. h4 Rc2 38. hxg5 fxg5 39. Rxg5+ Kf8 40. Ra7 Rxa2 41. Rxc5 Rb2 42. Rc3 R2xb3 43. Rxb3 Rxb3 44. Rxa6 Kf7 45. g4 Rc3 46. f3 Kg7 47. Kg3 Rc4 48. g5 Rb4 49. f4 Rb1 50. Kg4 Rb7 51. f5 Rb1 52. Ra7+ Kg8 53. Kh5 1-0

[Event "EU-ch U18 26th"]
[Site "Prague"]
[Date "2016.08.24"]
[Round "6"]
[White "Theocharous, Stelios"]
[Black "Patrascu, Catalin Lucian"]
[Result "1/2-1/2"]
[WhiteElo "1972"]
[BlackElo "2286"]
[PlyCount "74"]
[EventDate "2016.08.18"]
[EventType "swiss"]
[EventRounds "9"]
[EventCountry "CZE"]
[SourceTitle "CBM 174 Extra"]
[Source "ChessBase"]
[SourceDate "2016.10.10"]
[SourceVersion "1"]
[SourceVersionDate "2016.10.10"]
[SourceQuality "1"]

1. e4 e5 2. Nf3 Nc6 3. Bb5 a6 4. Ba4 Nf6 5. 0-0 Be7 6. Re1 b5 7. Bb3 d6 8. c3 0-0 9. h3 Bb7 10. d4 Nd7 11. Nbd2 Bf6 12. d5 Na5 13. Bc2 Nb6 14. Nf1 c6 15. dxc6 Bxc6 16. Ng3 Re8 17. Nh5 Be7 18. Qd3 Rc8 19. b3 Nb7 20. Be3 g6 21. Ng3 Qc7 22. Bd2 Nc5 23. Qe3 Bf8 24. Nh2 Bg7 25. Ng4 Ne6 26. Nh6+ Kf8 27. Qf3 Nf4 28. Bxf4 exf4 29. Qxf4 Bxc3 30. Ng4 Qe7 31. Rad1 h5 32. Re3 Bg7 33. Nh6 Qf6 34. Nhf5 gxf5 35. Nxh5 Qe5 36. Qh4 Qe7 37. Qg3 Bh6 1/2-1/2

[Event "EU-ch U18 26th"]
[Site "Prague"]
[Date "2016.08.21"]
[Round "4"]
[White "Theocharous, Stelios"]
[Black "Tokranovs, Dmitrijs"]
[Result "1/2-1/2"]
[WhiteElo "1972"]
[BlackElo "2257"]
[PlyCount "130"]
[EventDate "2016.08.18"]
[EventType "swiss"]
[EventRounds "9"]
[EventCountry "CZE"]
[SourceTitle "CBM 174 Extra"]
[Source "ChessBase"]
[SourceDate "2016.10.10"]
[SourceVersion "1"]
[SourceVersionDate "2016.10.10"]
[SourceQuality "1"]

1. e4 e5 2. Nf3 d6 3. d4 exd4 4. Nxd4 Nf6 5. Nc3 Be7 6. Be2 0-0 7. 0-0 Re8 8. Re1 a6 9. a4 h6 10. Be3 Nbd7 11. Qd2 Bf8 12. f3 c6 13. a5 Ne5 14. Na4 c5 15. Nb3 Be6 16. Nb6 Rb8 17. c4 Nfd7 18. Nd5 f5 19. exf5 Bxf5 20. f4 Nc6 21. Bd3 Bxd3 22. Qxd3 Nf6 23. Bd2 Qd7 24. Nxf6+ gxf6 25. Nxc5 Qf7 26. Ne4 Rbd8 27. Bc3 Be7 28. Rad1 f5 29. Ng3 Rf8 30. Qd5 Bh4 31. Re6 Kh7 32. Rxd6 Rxd6 33. Qxf7+ Rxf7 34. Rxd6 Bd8 35. Rd5 Kg6 36. Ne2 Bc7 37. g3 Re7 38. Nd4 Nxd4 39. Bxd4 Re4 40. Be5 Bxe5 41. fxe5 Rxc4 42. Rd6+ Kg5 43. Rb6 Rc5 44. Rxb7 Rxe5 45. b4 Re2 46. h3 Rb2 47. Rb6 h5 48. Rxa6 Rxb4 49. Ra8 Ra4 50. a6 Kg6 51. a7 Kg7 52. Kf2 h4 53. gxh4 Ra3 54. h5 f4 55. h6+ Kh7 56. Kg2 Rg3+ 57. Kf2 Ra3 58. h4 Ra6 59. Kf3 Ra4 60. Kg4 f3+ 61. Kxf3 Ra3+ 62. Ke4 Ra4+ 63. Kd5 Ra1 64. Kc4 Ra4+ 65. Kb5 Ra1 1/2-1/2

[Event "CYP-chA"]
[Site "Nicosia"]
[Date "2015.02.22"]
[Round "6"]
[White "Hadjiyiannis, Costas"]
[Black "Theocharous, Stelios"]
[Result "0-1"]
[WhiteElo "2005"]
[BlackElo "1862"]
[PlyCount "66"]
[EventDate "2015.02.07"]
[EventType "tourn"]
[EventRounds "9"]
[EventCountry "CYP"]
[SourceTitle "CBM 165 Extra"]
[Source "ChessBase"]
[SourceDate "2015.04.21"]
[SourceVersion "1"]
[SourceVersionDate "2015.04.21"]
[SourceQuality "1"]

1. b4 e5 2. Bb2 d6 3. c4 Nf6 4. g3 Be7 5. Bg2 0-0 6. e3 c6 7. Qb3 Be6 8. a4 d5 9. Bxe5 dxc4 10. Qb2 Nbd7 11. Nf3 Nxe5 12. Nxe5 Nd5 13. b5 Bf6 14. 0-0 c3 15. Nxc3 Bxe5 16. d4 Bf6 17. Ne4 Be7 18. Rfd1 Qb6 19. Rac1 Rfd8 20. Nc5 Bxc5 21. dxc5 Qc7 22. Rd4 Ne7 23. Rh4 Nf5 24. Rf4 g6 25. g4 Ne7 26. g5 Nf5 27. h4 Ng7 28. Bf3 Bf5 29. h5 Ne6 30. h6 Qe7 31. Rfc4 Qxg5+ 32. Rg4 Bxg4 33. Bxg4 Qxh6 0-1

[Event "CYP-chA"]
[Site "Nicosia"]
[Date "2015.02.14"]
[Round "3"]
[White "Klerides, Paris"]
[Black "Theocharous, Stelios"]
[Result "1-0"]
[WhiteElo "2171"]
[BlackElo "1862"]
[PlyCount "71"]
[EventDate "2015.02.07"]
[EventType "tourn"]
[EventRounds "9"]
[EventCountry "CYP"]
[SourceTitle "CBM 165 Extra"]
[Source "ChessBase"]
[SourceDate "2015.04.21"]
[SourceVersion "1"]
[SourceVersionDate "2015.04.21"]
[SourceQuality "1"]

1. e4 c5 2. Nc3 Nc6 3. Nf3 Nf6 4. Bb5 g6 5. e5 Ng4 6. Bxc6 dxc6 7. h3 Nh6 8. g4 Bg7 9. d3 0-0 10. Be3 f5 11. exf6 exf6 12. Qd2 Nf7 13. Bxc5 Re8+ 14. Be3 f5 15. gxf5 Bxf5 16. 0-0-0 a5 17. Ng5 Nxg5 18. Bxg5 Qd6 19. Rde1 b5 20. Ne4 Bxe4 21. dxe4 Qe5 22. c3 b4 23. f4 bxc3 24. Qxc3 Qxc3+ 25. bxc3 Bxc3 26. Re2 c5 27. h4 h5 28. e5 Re6 29. Bf6 Kf7 30. Rh3 Bd4 31. Rb3 c4 32. Rb7+ Kg8 33. Rg2 Be3+ 34. Kc2 Bxf4 35. Rxg6+ Kf8 36. Bg7+ 1-0

[Event "CYP-chA"]
[Site "Nicosia"]
[Date "2015.02.08"]
[Round "2"]
[White "Theocharous, Stelios"]
[Black "Antoniou, Antonis"]
[Result "0-1"]
[WhiteElo "1862"]
[BlackElo "2168"]
[PlyCount "94"]
[EventDate "2015.02.07"]
[EventType "tourn"]
[EventRounds "9"]
[EventCountry "CYP"]
[SourceTitle "CBM 165 Extra"]
[Source "ChessBase"]
[SourceDate "2015.04.21"]
[SourceVersion "1"]
[SourceVersionDate "2015.04.21"]
[SourceQuality "1"]

1. e4 d6 2. d4 e5 3. Nf3 Nc6 4. d5 Nce7 5. Bd3 g6 6. c4 Bg7 7. Nc3 Nf6 8. 0-0 0-0 9. Bd2 Nd7 10. b4 f5 11. Re1 Nf6 12. Qb3 Kh8 13. Re2 a6 14. Rae1 c6 15. Bg5 Neg8 16. Rc1 h6 17. Bxf6 Nxf6 18. Rec2 cxd5 19. Nxd5 Nxd5 20. cxd5 f4 21. h3 g5 22. Nh2 h5 23. f3 Qb6+ 24. Kh1 Bd7 25. a4 a5 26. b5 Rac8 27. Be2 Rxc2 28. Qxc2 Rc8 29. Qd2 Bf6 30. Qe1 Rxc1 31. Qxc1 Bd8 32. Qc2 Qd4 33. Qc4 Qf2 34. Qc2 Qe1+ 35. Bf1 Bb6 36. Qe2 Qa1 37. Qc4 Bc5 38. Qd3 Qxa4 39. Be2 Qb4 40. Nf1 Qe1 41. Qd1 Qxd1 42. Bxd1 Bxb5 43. Nd2 Bd7 44. Nc4 a4 45. Na5 b5 46. Nc6 Kg7 47. Kh2 h4 0-1

[Event "CYP-chB op"]
[Site "Nicosia"]
[Date "2015.02.01"]
[Round "9"]
[White "Nabil, Michael"]
[Black "Theocharous, Stelios"]
[Result "1/2-1/2"]
[WhiteElo "1719"]
[BlackElo "1862"]
[PlyCount "116"]
[EventDate "2015.01.09"]
[EventType "swiss"]
[EventRounds "9"]
[EventCountry "CYP"]
[SourceTitle "EXT 2016"]
[Source "ChessBase"]
[SourceDate "2015.10.08"]
[SourceVersion "1"]
[SourceVersionDate "2015.10.08"]
[SourceQuality "1"]

1. e4 c5 2. g3 Nc6 3. Bg2 Nf6 4. Ne2 g6 5. d3 Bg7 6. 0-0 0-0 7. Nbc3 d6 8. h3 Rb8 9. Be3 Bd7 10. f4 b5 11. Kh2 b4 12. Nd5 Nxd5 13. exd5 Nd4 14. Nxd4 cxd4 15. Bg1 h5 16. Qf3 Qc7 17. Rae1 Bc8 18. Qe4 Re8 19. Bxd4 Bf5 20. Qe3 Bxd4 21. Qxd4 Qxc2 22. Rf2 Qa4 23. a3 Qa5 24. Rfe2 bxa3 25. bxa3 Qc7 26. Be4 Bxe4 27. dxe4 Rec8 28. e5 Qc5 29. Qxc5 Rxc5 30. Rd2 Rbb5 31. Red1 Rc3 32. Rd3 Rb2+ 33. R3d2 Rbb3 34. Rg2 Rxa3 35. Rb1 Re3 36. Rb8+ Kg7 37. exd6 exd6 38. Rd8 Ra6 39. g4 Kf6 40. gxh5 gxh5 41. Rh8 Raa3 42. Rxh5 a5 43. Rh6+ Ke7 44. f5 Re5 45. f6+ Kd7 46. Rh7 Rxd5 47. Rxf7+ Ke6 48. Rf8 Rf3 49. Re2+ Re5 50. Re8+ Kxf6 51. Rf8+ Kg7 52. Rxe5 Kxf8 53. Rxa5 Ke7 54. Kg2 Rc3 55. h4 Kf6 56. h5 Kg7 57. Rd5 Kh6 58. Rxd6+ Kxh5 1/2-1/2

[Event "EU-ch U16 24th"]
[Site "Batumi"]
[Date "2014.10.26"]
[Round "7"]
[White "Tavzarashvili, Giorgi"]
[Black "Theocharous, Stelios"]
[Result "1-0"]
[WhiteElo "1695"]
[BlackElo "1828"]
[PlyCount "43"]
[EventDate "2014.10.19"]
[EventType "swiss"]
[EventRounds "9"]
[EventCountry "GEO"]
[SourceTitle "EXT 2015"]
[Source "ChessBase"]
[SourceDate "2014.11.20"]
[SourceVersion "1"]
[SourceVersionDate "2014.11.20"]
[SourceQuality "1"]

1. e4 c5 2. Nf3 Nc6 3. c4 d6 4. Nc3 Nf6 5. d4 cxd4 6. Nxd4 e6 7. Be2 Be7 8. Be3 0-0 9. 0-0 Bd7 10. f3 e5 11. Ndb5 Be6 12. Nd5 Qd7 13. Nxe7+ Qxe7 14. Qxd6 Qxd6 15. Nxd6 b6 16. a3 Rfd8 17. Rfd1 Rd7 18. b4 Rad8 19. c5 bxc5 20. Bxc5 Nd4 21. Bxd4 exd4 22. e5 1-0